000 00566nam a2200193Ia 4500
003 LK-CoDNM
008 010623t2008 xxu||||| |||| 00| 1 sin d
040 _aLK-CoDNM
_dLK-CoDNM
_eLK-CoDNM
041 _asin
080 _a809.13
_bVIM
100 _aRev.Vimala, Makulewe
_eed.
245 _aපාළි භාෂාවේ පද සාදන විධි
246 _aPali bhashawe pada sadana vidhi
260 _bS.Godage
_aColombo
_c2008
300 _b192, 21.5 cm
650 _aLanguage Linguisties
700 _aSilogama, Tikiribandara
_eed.
942 _cBK
999 _c127821
_d127821